[Event "4NCL/Div4/AMCAH vs. SUTC"]
[Site "Nottingham ENG"]
[Date "2007.03.25"]
[Round "8.3"]
[White "Krishnan, Anand"]
[Black "Escott, Keith"]
[Result "0-1"]
[WhiteElo "1810"]
[BlackElo "2065"]
[PlyCount "94"]
[EventDate "2007.03.25"]
[EventType "team"]
[EventRounds "11"]
[EventCountry "ENG"]
[WhiteTeam "AMCA Hippos"]
[BlackTeam "Sutton Coldfield"]

1. c4 e5 2. Nc3 Nc6 3. g3 g6 4. Bg2 Bg7 5. e3 d6 6. Nge2 h5 7. O-O h4 8. d4
hxg3 9. fxg3 Bh3 10. d5 Bxg2 11. Kxg2 Nce7 12. Qb3 Qc8 13. Ng1 f5 14. Qb5+ Kf7
15. Ne4 Bf6 16. Nc3 e4 17. Bd2 Nh6 18. Qa4 Ng4 19. h3 Bxc3 20. bxc3 Ne5 21. Qb3
Kg7 22. Ne2 Nf3 23. Qc2 g5 24. Rh1 c5 25. dxc6 bxc6 26. Nd4 Ne5 27. Rad1 Nxc4
28. Qb3 d5 29. Bc1 c5 30. Ne2 Qc6 31. Qc2 Ng6 32. Rdf1 Qd7 33. Ng1 Nge5 34. Rf2
Rab8 35. Re2 Rh6 36. Rh2 Rhb6 37. Kh1 Rb1 38. Re1 Nd3 39. Rd1 Nxe3 40. Bxe3
R1b2 41. Qxb2 Rxb2 42. Rxb2 Nxb2 43. Rd2 Nc4 44. Re2 Nxe3 45. Rxe3 d4 46. cxd4
cxd4 47. Rb3 d3 0-1

[Event "4NCL/Div4/AMCAH vs. SUTC"]
[Site "Nottingham ENG"]
[Date "2007.03.25"]
[Round "8.4"]
[White "Soszynski, Marek"]
[Black "Periasamymanjula, Mani"]
[Result "1/2-1/2"]
[WhiteElo "1900"]
[BlackElo "1745"]
[PlyCount "81"]
[EventDate "2007.03.25"]
[EventType "team"]
[EventRounds "11"]
[EventCountry "ENG"]
[WhiteTeam "Sutton Coldfield"]
[BlackTeam "AMCA Hippos"]

1. e4 e5 2. Nf3 Nc6 3. Bb5 a6 4. Bxc6 dxc6 5. O-O Bd6 6. d4 Bg4 7. dxe5 Bxf3 8.
Qxf3 Bxe5 9. Na3 Qe7 10. c3 O-O-O 11. Nc2 Nf6 12. Bg5 h6 13. Bxf6 Bxf6 14. Rad1
Rdg8 15. Rfe1 g6 16. e5 Bg7 17. Nb4 Qe6 18. Nd3 Bf8 19. Nf4 Qf5 20. Qe3 b6 21.
b4 g5 22. Qe2 Kb7 23. Nd3 Be7 24. c4 h5 25. a4 g4 26. a5 h4 27. b5 cxb5 28.
cxb5 axb5 29. Qc2 Qe6 30. a6+ Kb8 31. Ra1 g3 32. Rec1 gxf2+ 33. Nxf2 Bc5 34.
Qe4 c6 35. Ra5 Bxf2+ 36. Kxf2 bxa5 37. Rxc6 Rg4 38. a7+ Kb7 39. Rc8+ Rxe4 40.
a8=Q+ Kb6 41. Qb8+ 1/2-1/2

[Event "4NCL/Div4/ATH2 vs. BCA"]
[Site "Nottingham ENG"]
[Date "2007.03.25"]
[Round "8.1"]
[White "Wilson, David"]
[Black "Mordue, A Tyson"]
[Result "0-1"]
[WhiteElo "1740"]
[BlackElo "2297"]
[PlyCount "88"]
[EventDate "2007.03.25"]
[EventType "team"]
[EventRounds "11"]
[EventCountry "ENG"]
[WhiteTeam "Athenaeum 2"]
[BlackTeam "Braille C A"]

1. e4 c5 2. Nf3 e6 3. d4 cxd4 4. Nxd4 Nf6 5. Nc3 d6 6. Bd3 a6 7. O-O Be7 8. Be3
O-O 9. Qd2 Qc7 10. f4 b5 11. Nf3 Nbd7 12. Bd4 e5 13. fxe5 dxe5 14. Bf2 Bb7 15.
Rae1 Nc5 16. Bxc5 Bxc5+ 17. Kh1 Rfe8 18. Nh4 Re6 19. Rf3 Rd8 20. Qg5 h6 21. Qf5
Bb4 22. Ng6 Bxc3 23. bxc3 Bc8 24. Ref1 Ree8 25. Nh4 Bxf5 26. Rxf5 Qxc3 27. R5f3
Qc6 28. Rg3 Nh5 29. Rg4 Nf4 30. Nf5 g6 31. Nxh6+ Kh7 32. Rh4 Kg7 33. g3 Rh8 34.
Nxf7 Kxf7 35. Rxh8 Rxh8 36. gxf4 exf4 37. Rxf4+ Kg7 38. Kg1 Rxh2 39. Rg4 Rh3
40. e5 Qh1+ 41. Kf2 Qh2+ 42. Ke1 Qxe5+ 43. Kd2 Rh2+ 44. Kc1 Qa1# 0-1

[Event "4NCL/Div4/ATH2 vs. BCA"]
[Site "Nottingham ENG"]
[Date "2007.03.25"]
[Round "8.2"]
[White "Whitehouse, Guy"]
[Black "Foster, James M"]
[Result "1/2-1/2"]
[WhiteElo "1655"]
[BlackElo "1665"]
[PlyCount "73"]
[EventDate "2007.03.25"]
[EventType "team"]
[EventRounds "11"]
[EventCountry "ENG"]
[WhiteTeam "Braille C A"]
[BlackTeam "Athenaeum 2"]

1. d4 d5 2. Nf3 Nf6 3. e3 e6 4. Bd3 Nbd7 5. b3 c5 6. O-O Bd6 7. Bb2 O-O 8. Ne5
cxd4 9. exd4 Qc7 10. Re1 Ne8 11. Qh5 h6 12. Nd2 Nxe5 13. dxe5 Bb4 14. Re2 Bc3
15. Bxc3 Qxc3 16. Rae1 Nc7 17. Nf3 Bd7 18. Re3 Qb2 19. a4 f6 20. exf6 Qxf6 21.
Qe5 Rac8 22. Qxf6 gxf6 23. Nd4 e5 24. Nf5 e4 25. Ne7+ Kh8 26. Nxc8 exd3 27.
Rxd3 Rxc8 28. Re7 Re8 29. Rde3 Rd8 30. Rf3 Ne8 31. Rd3 Bf5 32. Rc3 d4 33. Rc5
d3 34. cxd3 Bxd3 35. f3 Nd6 36. Rcc7 a6 37. Red7 1/2-1/2

[Event "4NCL/Div4/ATH2 vs. BCA"]
[Site "Nottingham ENG"]
[Date "2007.03.25"]
[Round "8.3"]
[White "Sant, Maria"]
[Black "Kirkham, Mark"]
[Result "1/2-1/2"]
[WhiteElo "1420"]
[BlackElo "1570"]
[PlyCount "52"]
[EventDate "2007.03.25"]
[EventType "team"]
[EventRounds "11"]
[EventCountry "ENG"]
[WhiteTeam "Athenaeum 2"]
[BlackTeam "Braille C A"]

1. e4 e6 2. Nf3 d5 3. exd5 exd5 4. Nc3 Bb4 5. Bd3 Nf6 6. O-O O-O 7. Bb5 a6 8.
Ba4 b5 9. Bb3 c5 10. a3 Ba5 11. d3 Qd6 12. Bg5 Nfd7 13. Re1 Nc6 14. Bxd5 Bxc3
15. Bxc6 Qxc6 16. bxc3 Bb7 17. Re3 Rfe8 18. Rxe8+ Rxe8 19. Qd2 Ne5 20. Qe3
Nxf3+ 21. Qxf3 Qxf3 22. gxf3 Bxf3 23. h4 Re2 24. Rc1 c4 25. dxc4 bxc4 26. Rb1
h6 1/2-1/2

[Event "4NCL/Div4/GUI5 vs. CONQ2"]
[Site "Nottingham ENG"]
[Date "2007.03.25"]
[Round "8.1"]
[White "Gunn, Michael J"]
[Black "Sathiraju, Vijay"]
[Result "1/2-1/2"]
[WhiteElo "1800"]
[BlackElo "1750"]
[PlyCount "50"]
[EventDate "2007.03.25"]
[EventType "team"]
[EventRounds "11"]
[EventCountry "ENG"]
[WhiteTeam "Guildford-ADC 5"]
[BlackTeam "Conquistadors 2"]

1. d4 d5 2. Nf3 Nf6 3. e3 c6 4. Bd3 Bg4 5. Nbd2 Nbd7 6. O-O Qc7 7. h3 Bh5 8. c4
e6 9. cxd5 exd5 10. a3 Bd6 11. Re1 O-O 12. b4 a6 13. Bb2 Rfe8 14. Be2 Re7 15.
Rc1 Rae8 16. Nb3 Ne4 17. Rf1 Nb8 18. Nc5 Bxc5 19. dxc5 Nd7 20. Nh4 Bxe2 21.
Qxe2 g6 22. Qc2 Ne5 23. Bxe5 Qxe5 24. Nf3 Qh5 25. Rfe1 Ng5 1/2-1/2

[Event "4NCL/Div4/GUI5 vs. CONQ2"]
[Site "Nottingham ENG"]
[Date "2007.03.25"]
[Round "8.2"]
[White "Ryan, Raymond"]
[Black "Hale, Stephanie"]
[Result "1-0"]
[WhiteElo "1630"]
[BlackElo "1625"]
[PlyCount "63"]
[EventDate "2007.03.25"]
[EventType "team"]
[EventRounds "11"]
[EventCountry "ENG"]
[WhiteTeam "Conquistadors 2"]
[BlackTeam "Guildford-ADC 5"]

1. e4 e5 2. Bc4 Nf6 3. Nc3 Bc5 4. Nf3 Nc6 5. O-O d6 6. d3 Bg4 7. Be3 Bb6 8. Nd5
Ba5 9. c3 Nxd5 10. exd5 Ne7 11. Qa4+ c6 12. dxc6 Nxc6 13. b4 Bc7 14. b5 a6 15.
bxc6 b5 16. Bxf7+ Kxf7 17. Qxg4 Qf6 18. Qd7+ Qe7 19. Ng5+ Kf6 20. Ne4+ Kf7 21.
Qf5+ Ke8 22. Ng5 h6 23. Qg6+ Kf8 24. Ne6+ Kg8 25. f4 Rh7 26. fxe5 dxe5 27. Rf5
Qd6 28. Qf7+ Kh8 29. Raf1 Rg8 30. Qxg8+ Kxg8 31. Rf8+ Qxf8 32. Rxf8# 1-0

[Event "4NCL/Div4/GUI5 vs. CONQ2"]
[Site "Nottingham ENG"]
[Date "2007.03.25"]
[Round "8.3"]
[White "Hale, Peter"]
[Black "Winchcombe, Neil"]
[Result "1-0"]
[WhiteElo "1585"]
[BlackElo "1565"]
[PlyCount "27"]
[EventDate "2007.03.25"]
[EventType "team"]
[EventRounds "11"]
[EventCountry "ENG"]
[WhiteTeam "Guildford-ADC 5"]
[BlackTeam "Conquistadors 2"]

1. e4 Nc6 2. d4 d6 3. Bb5 Bd7 4. Nf3 h6 5. a3 Nf6 6. Nc3 e6 7. e5 Ng8 8. Bf4 a6
9. Bxc6 Bxc6 10. d5 Bd7 11. Ne4 f6 12. exd6 e5 13. Nxe5 fxe5 14. Qh5+ 1-0

[Event "4NCL/Div4/GUI5 vs. CONQ2"]
[Site "Nottingham ENG"]
[Date "2007.03.25"]
[Round "8.4"]
[White "Foster, Caroline"]
[Black "Hale, Sue"]
[Result "1-0"]
[WhiteElo "1490"]
[BlackElo "1345"]
[PlyCount "59"]
[EventDate "2007.03.25"]
[EventType "team"]
[EventRounds "11"]
[EventCountry "ENG"]
[WhiteTeam "Conquistadors 2"]
[BlackTeam "Guildford-ADC 5"]

1. d4 Nf6 2. Nf3 d6 3. e3 Nc6 4. c3 e5 5. d5 e4 6. dxc6 exf3 7. Qxf3 d5 8. Bb5
Bd6 9. cxb7+ Bd7 10. Bxd7+ Kxd7 11. bxa8=Q Qxa8 12. c4 Qf8 13. cxd5 Qe7 14. Nc3
Qe5 15. Bd2 h5 16. h3 Rb8 17. Rb1 g6 18. b3 Rb4 19. Na4 Qe7 20. Bxb4 Bxb4+ 21.
Ke2 Nh7 22. Rhd1 f5 23. Kf1 Qd6 24. Qf4 Qe7 25. Rbc1 Bd6 26. Qd4 c5 27. Nxc5+
Ke8 28. Qa4+ Kf7 29. Ne6 Qh4 30. Qxh4 1-0

[Event "4NCL/Div4/HC vs. JUTK"]
[Site "Sunningdale ENG"]
[Date "2007.05.26"]
[Round "9.2"]
[White "Harakis, Alexis"]
[Black "Briscoe, Christopher"]
[Result "1/2-1/2"]
[WhiteElo "2179"]
[BlackElo "2121"]
[PlyCount "55"]
[EventDate "2007.05.26"]
[EventType "team"]
[EventRounds "11"]
[EventCountry "ENG"]
[WhiteTeam "Jutes of Kent"]
[BlackTeam "H Coventry"]

1. d4 Nf6 2. c4 e6 3. Nc3 Bb4 4. Nf3 b6 5. Qb3 Be7 6. e4 d6 7. Qc2 O-O 8. Bg5
Nfd7 9. Be3 c5 10. O-O-O a6 11. dxc5 bxc5 12. e5 dxe5 13. Nxe5 Qc7 14. Nf3 Bb7
15. Bd3 h6 16. Qd2 Ne5 17. Nxe5 Qxe5 18. f4 Qf6 19. g4 Bxh1 20. Rxh1 g6 21. f5
Nc6 22. Qg2 Ne5 23. Be4 Nxc4 24. Bxh6 Rab8 25. Nd1 Rfd8 26. Qc2 Na3 27. Qe2 Qd4
28. fxg6 1/2-1/2

[Event "4NCL/Div4/HC vs. JUTK"]
[Site "Sunningdale ENG"]
[Date "2007.05.26"]
[Round "9.3"]
[White "Stinton-Brownbridge, Michael"]
[Black "Rich, Mark"]
[Result "0-1"]
[WhiteElo "2025"]
[BlackElo "2189"]
[PlyCount "44"]
[EventDate "2007.05.26"]
[EventType "team"]
[EventRounds "11"]
[EventCountry "ENG"]
[WhiteTeam "H Coventry"]
[BlackTeam "Jutes of Kent"]

1. e4 c5 2. Nc3 a6 3. g3 Nc6 4. Bg2 g6 5. f4 Bg7 6. Nf3 e6 7. O-O Nge7 8. d3 d5
9. exd5 exd5 10. h3 b5 11. a3 O-O 12. g4 f5 13. g5 d4 14. Ne2 Nd5 15. Ng3 Qd6
16. Ne2 Bb7 17. Qe1 Rae8 18. Bd2 Re7 19. Qf2 Ne3 20. Nfxd4 cxd4 21. Nxd4 Bxd4
22. c3 Nxf1 0-1

[Event "4NCL/Div4/HC vs. JUTK"]
[Site "Sunningdale ENG"]
[Date "2007.05.26"]
[Round "9.4"]
[White "Robertson, Mark"]
[Black "Forman, Karl L"]
[Result "0-1"]
[WhiteElo "2105"]
[BlackElo "2039"]
[PlyCount "77"]
[EventDate "2007.05.26"]
[EventType "team"]
[EventRounds "11"]
[EventCountry "ENG"]
[WhiteTeam "Jutes of Kent"]
[BlackTeam "H Coventry"]

1. e4 Nf6 2. e5 Nd5 3. d4 d6 4. c4 Nb6 5. exd6 exd6 6. Nf3 Bf5 7. Nc3 Be7 8.
Be2 Bf6 9. O-O Nc6 10. d5 Ne5 11. Nd4 Bd7 12. Ne4 Be7 13. a4 O-O 14. f4 f5 15.
Ng3 Ng6 16. a5 Nc8 17. Bd3 Nh4 18. Qe2 Bf6 19. Ndxf5 Nxf5 20. Bxf5 Bd4+ 21. Kh1
Bxf5 22. Nxf5 Rxf5 23. Qe4 Qf6 24. g4 Rg5 25. Qe8+ Qf8 26. Qxf8+ Kxf8 27. fxg5+
Kg8 28. g6 Ne7 29. gxh7+ Kxh7 30. Ra3 Re8 31. Rb3 b6 32. Rd3 c5 33. axb6 axb6
34. Ra3 Ng6 35. b3 Re2 36. b4 cxb4 37. Rh3+ Kg8 38. Bf4 Nxf4 39. Rxf4 0-1

[Event "4NCL/Div4/HC vs. JUTK"]
[Site "Sunningdale ENG"]
[Date "2007.05.26"]
[Round "9.5"]
[White "Foord, Dominic"]
[Black "Donovan, Nigel"]
[Result "0-1"]
[WhiteElo "1969"]
[BlackElo "2108"]
[PlyCount "60"]
[EventDate "2007.05.26"]
[EventType "team"]
[EventRounds "11"]
[EventCountry "ENG"]
[WhiteTeam "H Coventry"]
[BlackTeam "Jutes of Kent"]

1. e4 c5 2. Nc3 Nc6 3. Bb5 Nd4 4. Nf3 Nxb5 5. Nxb5 d5 6. exd5 a6 7. Nc3 Nf6 8.
Ne5 Nxd5 9. Nxf7 Nxc3 10. Qh5 g6 11. Qe5 Qd5 12. dxc3 Qxg2 13. Nd6+ Kd7 14. Rf1
exd6 15. Qxh8 Kc6 16. Be3 Bg4 17. Qf6 Bg7 18. Qf4 Be5 19. Qc4 b5 20. Qd3 c4 21.
Qd2 Bxh2 22. a4 Re8 23. axb5+ axb5 24. Ra6+ Kb7 25. Ra7+ Kc8 26. Qd4 Qf3 27.
Qd2 Bf4 28. Rf7 Bxe3 29. Rxf3 Bxd2+ 30. Kxd2 Bxf3 0-1

[Event "4NCL/Div4/HC vs. JUTK"]
[Site "Sunningdale ENG"]
[Date "2007.05.26"]
[Round "9.6"]
[White "Horton, David"]
[Black "Goodwin, Ed"]
[Result "0-1"]
[WhiteElo "2015"]
[BlackElo "1985"]
[PlyCount "72"]
[EventDate "2007.05.26"]
[EventType "team"]
[EventRounds "11"]
[EventCountry "ENG"]
[WhiteTeam "Jutes of Kent"]
[BlackTeam "H Coventry"]

1. d4 e6 2. e4 d5 3. exd5 exd5 4. Bd3 c5 5. Qe2+ Be7 6. dxc5 Nf6 7. Nf3 O-O 8.
O-O Bxc5 9. Bg5 Nc6 10. c3 Bg4 11. Qc2 Bxf3 12. Bxh7+ Kh8 13. gxf3 g6 14. Bxg6
Rg8 15. Kh1 Rxg6 16. Rg1 Qd6 17. Rg2 Rag8 18. f4 Ne4 19. f3 Nxg5 20. fxg5 Rxg5
21. Rxg5 Rxg5 22. Nd2 Qg6 23. Qxg6 Rxg6 24. Re1 Re6 25. Rd1 Bb6 26. Nb3 Re2 27.
Rxd5 Rxb2 28. Nd4 Nxd4 29. cxd4 Rxa2 30. Rd7 Kg7 31. d5 Rd2 32. h4 Rd4 33. Kg2
Rxh4 34. Rxb7 Rd4 35. Rd7 Kf8 36. d6 a5 0-1

[Event "4NCL/Div4/NOTT1 vs. CONQ1"]
[Site "Sunningdale ENG"]
[Date "2007.05.26"]
[Round "9.1"]
[White "Richmond, Robert J"]
[Black "Prizant, Michael"]
[Result "1-0"]
[WhiteElo "2229"]
[BlackElo "2159"]
[PlyCount "55"]
[EventDate "2007.05.26"]
[EventType "team"]
[EventRounds "11"]
[EventCountry "ENG"]
[WhiteTeam "Notts 1"]
[BlackTeam "Conquistadors 1"]

1. d4 d5 2. c4 e6 3. Nc3 c5 4. e3 Nf6 5. Nf3 Nc6 6. cxd5 exd5 7. Bb5 a6 8.
Bxc6+ bxc6 9. O-O Bd6 10. dxc5 Bxc5 11. Qc2 Be7 12. b3 O-O 13. Na4 Bd7 14. Bb2
Bd6 15. Rac1 Re8 16. Bd4 Ne4 17. Nb6 c5 18. Nxa8 Bg4 19. Be5 Bxf3 20. Bxd6 Qxd6
21. gxf3 Qg6+ 22. Kh1 Qh5 23. Qd1 Nd2 24. Rg1 Nxf3 25. Rg2 Rxa8 26. Rxc5 Rd8
27. Rc4 g5 28. Rf4 1-0

[Event "4NCL/Div4/NOTT1 vs. CONQ1"]
[Site "Sunningdale ENG"]
[Date "2007.05.26"]
[Round "9.2"]
[White "Atako, Chino"]
[Black "Mercs, Peter J"]
[Result "0-1"]
[WhiteElo "2174"]
[BlackElo "2078"]
[PlyCount "66"]
[EventDate "2007.05.26"]
[EventType "team"]
[EventRounds "11"]
[EventCountry "ENG"]
[WhiteTeam "Conquistadors 1"]
[BlackTeam "Notts 1"]

1. e4 c5 2. Nf3 d6 3. d4 cxd4 4. Nxd4 Nf6 5. Nc3 Nc6 6. Bg5 e6 7. Qd2 Be7 8.
O-O-O Nxd4 9. Qxd4 a6 10. e5 dxe5 11. Qxe5 Bd7 12. f4 Qb8 13. Qd4 Bc6 14. Be2
O-O 15. Bd3 Rd8 16. Qf2 h6 17. Qh4 hxg5 18. fxg5 Rxd3 19. Rxd3 Nh7 20. Ne4 Qe5
21. Re1 Bxg5+ 22. Nxg5 Qxg5+ 23. Qxg5 Nxg5 24. h4 Ne4 25. Rd4 f5 26. Rf1 e5 27.
Rdd1 f4 28. c3 Re8 29. Kc2 Ng3 30. Rf2 Nf5 31. Re1 Ne3+ 32. Kc1 Nxg2 33. Ree2
f3 0-1

[Event "4NCL/Div4/NOTT1 vs. CONQ1"]
[Site "Sunningdale ENG"]
[Date "2007.05.26"]
[Round "9.3"]
[White "Levens, David"]
[Black "Turner, Caius"]
[Result "0-1"]
[WhiteElo "2085"]
[BlackElo "2110"]
[PlyCount "78"]
[EventDate "2007.05.26"]
[EventType "team"]
[EventRounds "11"]
[EventCountry "ENG"]
[WhiteTeam "Notts 1"]
[BlackTeam "Conquistadors 1"]

1. e4 d6 2. d4 Nf6 3. Nc3 g6 4. f3 a6 5. Be3 Nbd7 6. Qd2 b5 7. g4 Bb7 8. Nge2
e5 9. g5 Ng8 10. Ng3 h6 11. O-O-O hxg5 12. Bxg5 Qxg5 13. Qxg5 Bh6 {=} 14. Qxh6
Rxh6 15. Nd5 O-O-O 16. Bg2 Bxd5 17. exd5 Nb6 18. dxe5 dxe5 19. Ne4 Rxd5 20.
Rxd5 Nxd5 21. h4 f5 22. Nc5 Ne3 23. Bh3 Rxh4 24. Kd2 Nc4+ 25. Kc3 Ne7 26. b3
Nd5+ 27. Kd3 Nf4+ 28. Kc3 Nd6 29. Bxf5+ Nxf5 30. Re1 Nd6 31. Rxe5 Rh5 32. Nd3
Nxd3 33. Rxh5 gxh5 34. Kxd3 Kd7 35. Ke3 Ke6 36. Kf4 h4 37. Kg4 Nf5 38. c3 a5
39. f4 Kd5 0-1

[Event "4NCL/Div4/NOTT1 vs. CONQ1"]
[Site "Sunningdale ENG"]
[Date "2007.05.26"]
[Round "9.4"]
[White "Ynojosa, Felix J"]
[Black "Truman, Richard G"]
[Result "1/2-1/2"]
[WhiteElo "2100"]
[BlackElo "2030"]
[PlyCount "142"]
[EventDate "2007.05.26"]
[EventType "team"]
[EventRounds "11"]
[EventCountry "ENG"]
[WhiteTeam "Conquistadors 1"]
[BlackTeam "Notts 1"]

1. e4 c5 2. c3 Nf6 3. e5 Nd5 4. d4 cxd4 5. Nf3 e6 6. cxd4 b6 7. Nc3 Nxc3 8.
bxc3 Qc7 9. Bd2 Bb7 10. Bd3 d6 11. O-O Nd7 12. Re1 dxe5 13. Nxe5 Nxe5 14. Rxe5
Bd6 15. Rh5 g6 16. Rh3 O-O-O 17. Qe2 Qc6 18. f4 Qc7 19. Qf1 f6 20. a4 e5 21.
fxe5 fxe5 22. a5 Rhf8 23. Qe2 Rde8 24. Qg4+ Kb8 25. axb6 axb6 26. Ba6 Qf7 27.
Rf1 Qa2 28. Bxb7 Qxd2 29. Ba6 Rxf1+ 30. Bxf1 Rf8 31. Qe2 Qxe2 32. Bxe2 exd4 {=}
33. cxd4 Rf7 34. Rb3 Ka7 35. g3 h6 36. Kg2 Rf5 37. Rb5 Rxb5 38. Bxb5 Be7 39.
Kf3 Kb7 40. Ke4 Bf6 41. d5 Kc7 42. Be8 g5 43. Kf5 Bd4 44. Ba4 Kd6 45. Bb3 Bg1
46. h3 Bh2 47. g4 Bg3 48. Kg6 Bh4 49. Kxh6 Ke5 50. Kg6 Kd6 51. Kf6 Kd7 52. Ba4+
Kd6 53. Bc6 b5 54. Kf5 b4 55. Ke4 Bf2 56. Ba4 Bg3 57. Kf5 Bh4 58. Bb3 Kd7 59.
Ke5 Bg3+ 60. Kd4 Kd6 61. Kc4 Be1 62. Kd4 Bg3 63. Ke4 Be1 64. Kf3 Bh4 65. Ke4
Bg3 66. Kf5 Bh4 67. Kf6 Kd7 68. Bc2 Kd6 69. Be4 b3 70. Kf5 b2 71. Kf6 b1=Q
1/2-1/2

[Event "4NCL/Div4/NOTT1 vs. CONQ1"]
[Site "Sunningdale ENG"]
[Date "2007.05.26"]
[Round "9.5"]
[White "Webster, Richard J"]
[Black "Archer-Lock, Christopher"]
[Result "1/2-1/2"]
[WhiteElo "1984"]
[BlackElo "2065"]
[PlyCount "34"]
[EventDate "2007.05.26"]
[EventType "team"]
[EventRounds "11"]
[EventCountry "ENG"]
[WhiteTeam "Notts 1"]
[BlackTeam "Conquistadors 1"]

1. c4 b6 2. Nc3 Bb7 3. d3 e6 4. Nf3 f5 5. g3 Bxf3 6. exf3 c5 7. d4 cxd4 8. Qxd4
Nc6 9. Qd1 Nf6 10. Bg2 Bb4 11. Bd2 O-O 12. O-O Rc8 13. a3 Be7 14. Ne2 Ne5 15.
b3 a5 16. Bc3 Nf7 17. a4 Ne8 1/2-1/2

[Event "4NCL/Div4/NOTT1 vs. CONQ1"]
[Site "Sunningdale ENG"]
[Date "2007.05.26"]
[Round "9.6"]
[White "Foster, James C"]
[Black "Lakhani, Kishan"]
[Result "1-0"]
[WhiteElo "1950"]
[BlackElo "1970"]
[PlyCount "121"]
[EventDate "2007.05.26"]
[EventType "team"]
[EventRounds "11"]
[EventCountry "ENG"]
[WhiteTeam "Conquistadors 1"]
[BlackTeam "Notts 1"]

1. e4 c5 2. c3 d5 3. exd5 Qxd5 4. d4 Nc6 5. Nf3 Nf6 6. Be2 Bg4 7. h3 Bh5 8. Be3
cxd4 9. cxd4 e6 10. O-O Be7 11. Nc3 Qd7 12. Qa4 O-O 13. Rad1 a6 14. a3 b5 15.
Qb3 Na5 16. Qa2 Qb7 17. d5 Nc4 18. dxe6 Nxe3 19. fxe3 Bc5 20. Nd4 Bxe2 21.
Ncxe2 fxe6 22. Nxe6 Bxe3+ 23. Kh1 Qf7 24. Nc3 Rfe8 25. Nc7 Qxa2 26. Nxa2 Ne4
27. Kh2 Nd2 28. Rf5 {=} Rf8 29. Rxf8+ Rxf8 30. Nd5 Bg5 31. Nab4 Rd8 32. h4 Bh6
33. g4 Bf4+ {=} 34. Nxf4 Nf3+ 35. Kg3 Rxd1 36. Kxf3 a5 37. Nbd3 Rf1+ 38. Ke4
Rb1 39. Kd4 Rg1 40. Nf2 Rc1 41. N4d3 Rc4+ 42. Kd5 h5 43. gxh5 Rxh4 {=} 44. Kc6
Rxh5 45. Kb6 a4 46. Nc5 Rh2 47. Nce4 Rh5 {=} 48. Nd3 Rh3 49. Nef2 Rh5 50. Nc5
Rh2 51. Nfd3 g5 52. Ne4 Rh3 53. Nef2 Rh5 {=} 54. Ne5 Rh2 55. Neg4 Rg2 56. Kxb5
Kg7 57. Kxa4 Kg6 58. b4 Kh5 59. b5 Rxg4+ 60. Nxg4 Kxg4 61. b6 1-0

[Event "4NCL/Div4/PAND vs. ANGA"]
[Site "Sunningdale ENG"]
[Date "2007.05.26"]
[Round "9.1"]
[White "Emms, John M"]
[Black "Munson, Shaun D"]
[Result "1-0"]
[WhiteElo "2499"]
[BlackElo "2196"]
[PlyCount "55"]
[EventDate "2007.05.26"]
[EventType "team"]
[EventRounds "11"]
[EventCountry "ENG"]
[WhiteTeam "Pandoras Box"]
[BlackTeam "Ang Avengers"]

1. e4 c5 2. Nf3 Nc6 3. c3 Nf6 4. e5 Nd5 5. d4 cxd4 6. cxd4 d6 7. Bc4 e6 8. O-O
Be7 9. Qe2 O-O 10. exd6 Qxd6 11. Nc3 a6 12. Rd1 b5 13. Bd3 f5 14. a4 b4 15.
Nxd5 exd5 16. b3 f4 17. h3 Bf5 18. Bxf5 Rxf5 19. Bb2 Rff8 20. Ne5 Bf6 21. Rac1
Rfe8 22. Re1 Nd8 23. Qg4 h6 24. Rc2 Qe6 25. Qxf4 Bg5 26. Qf3 Rf8 27. Qd3 Qb6
28. Nd7 1-0

[Event "4NCL/Div4/PAND vs. ANGA"]
[Site "Sunningdale ENG"]
[Date "2007.05.26"]
[Round "9.2"]
[White "Talsma, Paul A"]
[Black "Mannion, Stephen R"]
[Result "0-1"]
[WhiteElo "2180"]
[BlackElo "2337"]
[PlyCount "54"]
[EventDate "2007.05.26"]
[EventType "team"]
[EventRounds "11"]
[EventCountry "ENG"]
[WhiteTeam "Ang Avengers"]
[BlackTeam "Pandoras Box"]

1. d4 d5 2. c4 dxc4 3. Nf3 Nf6 4. e3 e6 5. Bxc4 c5 6. O-O a6 7. Qe2 b5 8. Bd3
Bb7 9. a4 b4 10. Nbd2 Be7 11. dxc5 Bxc5 12. e4 O-O 13. Nc4 Nc6 14. e5 Ne8 15.
Bxh7+ Kh8 16. Rd1 Qc7 17. Ng5 g6 18. Qg4 Ng7 19. Ne4 Nxe5 20. Qh4 Nh5 21. Bh6
Bxe4 22. Qxe4 Nxc4 23. Bxg6 fxg6 24. Bxf8 Rxf8 25. Rac1 Bxf2+ 26. Kh1 Qh7 27.
Rd3 Ng3+ 0-1

[Event "4NCL/Div4/PAND vs. ANGA"]
[Site "Sunningdale ENG"]
[Date "2007.05.26"]
[Round "9.3"]
[White "Djipa, Neven"]
[Black "Gregory, Stephen J"]
[Result "1/2-1/2"]
[WhiteElo "2275"]
[BlackElo "2139"]
[PlyCount "114"]
[EventDate "2007.05.26"]
[EventType "team"]
[EventRounds "11"]
[EventCountry "ENG"]
[WhiteTeam "Pandoras Box"]
[BlackTeam "Ang Avengers"]

1. Nf3 Nf6 2. g3 d6 3. Bg2 e5 4. d3 g6 5. O-O Bg7 6. c4 O-O 7. Nc3 Nc6 8. Rb1
a5 9. a3 h6 10. b4 axb4 11. axb4 Be6 12. b5 Ne7 13. Bb2 Qd7 14. Re1 Bh3 15. Qb3
Bxg2 16. Kxg2 Nh5 17. Ra1 Rab8 18. b6 c5 19. Qa4 Nc6 20. Nd5 e4 21. Bxg7 exf3+
22. exf3 Kxg7 23. Re7 Qd8 24. Rc7 Re8 25. Rb1 Nf6 26. Qa1 Nd4 27. Nc3 Ra8 28.
Qb2 Re7 29. Rxe7 Qxe7 30. Ra1 Rxa1 31. Qxa1 Qd7 32. Qc1 Qc6 33. Qf4 Qxb6 34.
Qxf6+ Kxf6 35. Nd5+ Ke6 36. Nxb6 Ne2 37. f4 Nc1 38. d4 cxd4 39. Kf3 f5 40. Nd5
Kd7 41. g4 Nd3 42. Ke2 Nb2 43. g5 hxg5 44. fxg5 Ke6 45. Nb6 Ke5 46. Kd2 Kf4 47.
Kc2 Nxc4 48. Nxc4 d5 49. Nd6 Kxg5 50. Nxb7 Kg4 51. Nc5 Kf3 52. Nd3 g5 53. Kd2
Kg2 54. Ke2 Kxh2 55. Nb4 g4 56. Nxd5 g3 57. fxg3 Kxg3 1/2-1/2

[Event "4NCL/Div4/PAND vs. ANGA"]
[Site "Sunningdale ENG"]
[Date "2007.05.26"]
[Round "9.4"]
[White "Wallis, Ian"]
[Black "Dilley, Jason M"]
[Result "0-1"]
[WhiteElo "2075"]
[BlackElo "2205"]
[PlyCount "118"]
[EventDate "2007.05.26"]
[EventType "team"]
[EventRounds "11"]
[EventCountry "ENG"]
[WhiteTeam "Ang Avengers"]
[BlackTeam "Pandoras Box"]

1. e4 d6 2. d4 g6 3. Nc3 Bg7 4. f4 Nf6 5. Nf3 O-O 6. Be2 c5 7. dxc5 Qa5 8. O-O
Qxc5+ 9. Kh1 Nc6 10. Bd3 Bg4 11. Qe1 Rac8 12. Be3 Qa5 13. Qh4 Qh5 14. Qxh5 Nxh5
15. Ne2 Nb4 16. Ned4 Bxf3 17. Rxf3 Nxd3 18. cxd3 Nxf4 19. Rxf4 e5 20. Rf2 exd4
21. Bg5 Rc6 22. Raf1 f6 23. Bc1 Rfc8 24. Bf4 Bf8 25. h3 Be7 26. Bg3 Rc1 27. Kg1
Kg7 28. Rxc1 Rxc1+ 29. Rf1 Rc2 30. Rf2 Rc6 31. Rf1 Bd8 32. Bf4 g5 33. Bg3 Kf7
34. Rf5 Ke6 35. Rd5 Bb6 36. a4 a6 37. b4 Ba7 38. b5 axb5 39. axb5 Rc1+ 40. Kh2
Bc5 41. Bf2 Rb1 42. Bxd4 Bxd4 43. Rxd4 Rxb5 44. Kg3 Ke5 45. Ra4 Rb3 46. Ra5+ b5
47. Kg4 Rxd3 48. Rxb5+ Kxe4 49. Rb7 h5+ 50. Kxh5 Rg3 51. Kg6 d5 52. Re7+ Kd3
53. Kxf6 d4 54. Rg7 Ke2 55. h4 gxh4 56. Re7+ Re3 57. Rh7 d3 58. Rxh4 d2 59. Rh1
Rg3 0-1